000 00574nam a2200193Ia 4500
005 20260114185713.0
008 008 260114s9999 xx 000 0 eng d
020 _a9781350393097
037 _aEBOOK
040 _aCRL
_beng
_cCRL
041 _aeng
_2eng
084 _qCRL
100 _aJeffrey Hill
_9873357
245 0 _aSport, Leisure and Culture in Twentieth-Century Britain
260 _bBloomsbury
_c2002
856 _uhttps://doi.org/10.1007/978-1-137-08758-4?locatt=label:secondary_bloomsburyCollections
942 _cEBOOK
999 _c1472305
_d1472305